Maze Runner Movie key events quiz.. - Statistics

General Stats
  • This quiz has been taken 324 times
  • The average score is 8 of 19
Answer Stats
Hint Answer % Correct
At the beginning of the first film, who says," Day one greenie."? Gally
96%
Who says this; *Good job....you just killed yourself."? Minho
88%
What is the first thing Teresa says when she comes up in the box? Thomas
84%
Which character gets the flare in the third movie? Newt
63%
Who betrays the gladers and the right arm at the end of the second film? Teresa
60%
Who is taken/kidnapped as a result of this betrayal? Minho
58%
How many of the original gladers made it to the safe haven? 4
55%
Who is grabbed and trapped in a door by cranks, and barely makes it out? Winston
51%
What name is on the gravestone Thomas finds in the deadheads (the forest graveyard)? George
44%
Later on, how does this person die? Shoots himself / The Flare
34%
What does WCKD need from Thomas to find the cure? His blood
31%
Who opens the door to allow the gladers to escape from WCKD (Two people, answer 'x and y')? Aris and Winston
28%
After using all of the ammunition in his gun (in the second film) while running, what does Thomas do with it? Throws it
24%
What is the name of the man who drugs Thomas and Brenda? Marcus
19%
How does Teresa die? Falls/collapsed with building
18%
How does this character die? (not the flare) Stabbed by Thomas
8%
After being punched in the face by Gally after the griever attack, what does Thomas do? Stabs himself
7%
When Newt, Minho, and Thomas are cornered by Janson and his men in the third film, how do they escape? Jump through window/jump into water
6%
Why was Thomas sent into the maze in the first place? He betrayed WCKD
3%
No matching quizzes found
Score Distribution
Percent of People with Each Score
Percentile by Number Answered
Your Score History
You have not taken this quiz